| 000 | 00000nam 2200000zi 4500 |
| 001 | 9.892081 |
| 003 | CaOODSP |
| 005 | 20251021080150 |
| 006 | m o d f |
| 007 | cr cn||||||||| |
| 008 | 201002t20202020oncab ob f000 0 eng d |
| 040 | |aCaOODSP|beng|erda|cCaOODSP |
| 043 | |an-cn-nk |
| 086 | 1 |aM41-11/116-2020E-PDF |
| 100 | 1 |aCrow, H. L., |eauthor. |
| 245 | 10|aInfluence of drilling technique on a borehole geophysical dataset - a case study in New Brunswick / |cH. Crow, T. Cartwright, K. Brewer, D. Lavoie, and C. Rivard. |
| 264 | 1|aOttawa, Ontario : |bGeological Survey of Canada, |c2020. |
| 264 | 4|c©2020 |
| 300 | |a1 online resource (1 page) : |bcolour illustrations, colour maps. |
| 336 | |atext|btxt|2rdacontent |
| 337 | |acomputer|bc|2rdamedia |
| 338 | |aonline resource|bcr|2rdacarrier |
| 490 | 1 |aScientific presentation ; |v116 |
| 500 | |a"Presented at the Symposium on the Application of Geophysics to Environmental and Engineering Problems (SAGEEP), March 2020." |
| 504 | |aIncludes bibliographical references. |
| 650 | 0|aGeophysical well logging|zNew Brunswick. |
| 650 | 0|aBoring. |
| 650 | 6|aDiagraphies géophysiques|zNouveau-Brunswick. |
| 650 | 6|aForage. |
| 710 | 2 |aGeological Survey of Canada, |eissuing body. |
| 830 | #0|aScientific presentation (Geological Survey of Canada)|v116.|w(CaOODSP)9.820265 |
| 856 | 40|qPDF|s58.02 MB|uhttps://publications.gc.ca/collections/collection_2020/rncan-nrcan/m41-11/M41-11-116-2020-eng.pdf |
| 986 | |a321967 |